Monolitická železobetónová výšková budova

Salvato in:
Dettagli Bibliografici
Autore principale: Ďuračka, Jakub, 1985- (Autore)
Altri autori: Benko, Vladimír, 1959- (Relatore della tesi)
Natura: Manoscritto Libro
Lingua:slovacco
Pubblicazione: Bratislava : STU v Bratislave SvF, 2011
Soggetti:
Accesso online:VAIS
Tags: Aggiungi Tag
Nessun Tag, puoi essere il primo ad aggiungerne!!

MARC

LEADER 00000ntm a22000003a 4500
001 stu230060
005 20150617230133.0
008 110708s2011----xo------------------slo-d
040 |a STU  |b slo 
041 0 |a slo 
044 |a xo 
100 1 |a Ďuračka, Jakub,  |d 1985-  |4 aut  |u V110  |U SvF Stavebná fakulta  |T SvF Katedra betónových konštrukcií a mostov  |X 27341  |U V110  |Y 11  |7 A000027341 
242 0 0 |a Monolithic reinforced concrete high-rise building  |y eng 
245 1 |a Monolitická železobetónová výšková budova 
260 |a Bratislava :  |b STU v Bratislave SvF,  |c 2011 
650 7 |a inžinierske konštrukcie a dopravné stavby  |2 stusub 
650 7 |a Structural and Transportation Engineering  |2 estusub 
650 7 |a dynamics  |2 estusub 
650 7 |a statics  |2 estusub 
650 7 |a seizmicita  |2 stusub 
650 7 |a statika  |2 stusub 
650 7 |a výšková budova  |2 stusub 
650 7 |a vietor  |2 stusub 
700 1 |a Benko, Vladimír,  |d 1959-  |4 ths  |u V110  |U SvF Stavebná fakulta  |T SvF Katedra betónových konštrukcií a mostov  |X 1016  |U V110  |Y 11  |7 A000001016 
856 4 |a info a plný text  |u http://is.stuba.sk/zp/portal_zp.pl?podrobnosti=76731  |3 VAIS